000 00264nam a22001097a 4500
082 _a629.13338 BER'R
100 _aHULL, SEABROOK,BERGAUST, ERIK
_958941
245 _aROCKET TO THE MOON
260 _aNEWYORK
_bD. VAN NOSTRAND
_c1958
300 _a270P
942 _cBK
999 _c569012
_d569012